000 00614nam a2200181 a 4500
008 080916s1996 ||||||||||||||||| || u
020 _a0273615602
050 _aHF 5635 Wat
100 _aWatts, John
245 1 0 _aAccounting in the business environment. (2nd ed.)
250 _a2nd ed.
260 _aLondon:
_bPitman Publishing
_c1996
300 _axiv, 818p.: ill.
350 _a85000.00
650 _aACCOUNTS
650 0 _aBUSINESS
995 _D0.00
_FCBU-MAIN LIBRARY (Kitwe)
_H1
_I0.00
_M1
_UAVAILABLE
_WSep 16, 2008
_ZMain Library Open Access Collection
999 _c33345
_d33345